| 000 | 00623nam a2200193 a 4500 | ||
|---|---|---|---|
| 001 | 603 | ||
| 003 | CDMR | ||
| 005 | 20131211113150.0 | ||
| 008 | 130130s1988||||||||||||||||||||||||||||d | ||
| 040 |
_aCDMR _bcat _cCDMR |
||
| 100 | 1 |
_aRey Morato, Javier del _9449 |
|
| 245 | 1 | 0 |
_aCrítica de la razón periodística _b: un análisis desde la teoría general de la información _cJavier del Rey Morato |
| 260 |
_aMadrid _c1988 _bUniversidad Complutense de Madrid |
||
| 300 |
_a226 p ; _c24 cm |
||
| 650 | 0 | 4 |
_92194 _aInformació, Teoria de la |
| 650 | 0 | 4 |
_9382 _aPeriodisme |
| 650 | 0 | 4 |
_94353 _aComunicació _xFilosofia |
| 942 |
_cMON _2udc |
||
| 999 |
_c603 _d603 |
||